Raccontare Dio. La religione come comunicazione (Record n. 77398)
[ formato base ]
| 000 -LEADER | |
|---|---|
| fixed length control field | 02248nam a2200289Ia 4500 |
| 001 - CONTROL NUMBER | |
| control field | K0542 |
| 003 - CONTROL NUMBER IDENTIFIER | |
| control field | IT-RoPAU |
| 008 - FIXED-LENGTH DATA ELEMENTS--GENERAL INFORMATION | |
| fixed length control field | 130308s9999 xx 000 0 und d |
| 040 ## - CATALOGING SOURCE | |
| Original cataloging agency | IT-RoPAU |
| 040 ## - CATALOGING SOURCE | |
| Transcribing agency | IT-RoPAU |
| 041 ## - LANGUAGE CODE | |
| Language code of text/sound track or separate title | ITALIANO |
| 100 ## - MAIN ENTRY--PERSONAL NAME | |
| Personal name | Pace Enzo |
| 100 ## - MAIN ENTRY--PERSONAL NAME | |
| Miscellaneous information | Codice Aut. SPICS: 3557 |
| 245 ## - TITLE STATEMENT | |
| Title | Raccontare Dio. La religione come comunicazione |
| 245 ## - TITLE STATEMENT | |
| Remainder of title | Raccontare Dio. La Religione Come Comunicazione |
| 250 ## - EDITION STATEMENT | |
| Edition statement | 1a ed. |
| 260 ## - PUBLICATION, DISTRIBUTION, ETC. (IMPRINT) | |
| Place of publication, distribution, etc. | BOLOGNA |
| 260 ## - PUBLICATION, DISTRIBUTION, ETC. (IMPRINT) | |
| Name of publisher, distributor, etc. | Il Mulino |
| 260 ## - PUBLICATION, DISTRIBUTION, ETC. (IMPRINT) | |
| Date of publication, distribution, etc. | 2008 [1° Ed.:2008 - Ed.Ling.Originale:2008] |
| 300 ## - PHYSICAL DESCRIPTION | |
| Extent | "354 p. (prefazione: no ; testo: 354 [pagine: 0-0])" |
| 500 ## - GENERAL NOTE | |
| General note | "Religione Come Comunicazione: Arcano del testo Ovvero raccontare Dio; Approccio Teoria dei Sistemi; comunicare per Credere; relazione Fra Sistema e Ambiente di matrice Religiosa; per una Teoria sistemi Credenza Religiosa; Come Comunicano Rligioni; Differenziazione Socioreligiosa. Religione e Senso: Senso e Comunicazione; Comunicazione e Autoreferenzialita'; per una Definizione Sistema Credenza Religiosa: Sistema Credenza e Autopoiesi; Determinato e Indeterminato; Ritualità Come Intersezione Fra sistemi e Individui. Dalla virtù Improvvisazione al Sistema di Credenza: virtuoso e Sue Gesta; virtù Accrescimento; Improvvisare e Trasmettere; Tipologia Virtuosi Improvvisazione; Parola Data e Memoria; Esempio e Missione. Spirito e Ordine: mettere Ordine Allo Spirito; Potere Lingua Sacra; Ordine di Servizio; Ordine e Legge; Ordine del Discorso; Ordinare Discorso e Comunicare; Veridicità Verità. strategie Comunicazione Nei sistemi di Credenza Religiosa: Prendere Corpo e salvare Anima; Teodicea; sistemi psichici e Religiosi; Diritta Via; Diete Religiose. Religioni Fra Etica Universale e Identificazione Etnica: Religioni in Guerracaso Moderno Nazionalismo Religioso; Sistema Credenza Religiosa e Stato Postcoloniale; tensione Fra Etica ed Etnia; Adattamento e selezione nel Processo Identificazione Etnoreligiosa. Riferimenti Bibliografici D" |
| 650 ## - SUBJECT ADDED ENTRY--TOPICAL TERM | |
| Topical term or geographic name as entry element | SAGGI DI COMUNICAZIONE SOCIALE |
| 650 ## - SUBJECT ADDED ENTRY--TOPICAL TERM | |
| Relator term | Codice materia Spics: 3807 |
| 942 ## - ADDED ENTRY ELEMENTS (KOHA) | |
| Koha item type | LIBRO |
| 957 ## - | |
| -- | 1 |
| 999 ## - SYSTEM CONTROL NUMBERS (KOHA) | |
| -- | 1 |
| Withdrawn status | Lost status | Damaged status | Not for loan | Home library | Current library | Date acquired | Total Checkouts | Full call number | Date last seen | Price effective from | Koha item type | Public note |
|---|---|---|---|---|---|---|---|---|---|---|---|---|
| Buone Condizioni | Not For Loan | SPICS-MEDIATECA | SPICS-MEDIATECA | 08/03/2013 | K0542 | 08/03/2013 | 08/03/2013 | LIBRO | Progressivo inserimento: 16806 / N. Volumi: 1 Copie: 1 / data import: 1 marzo 2013 - By Epidotti, Trombetti, Vaglietti. |